El manifiesto (Record no. 19309)

MARC details
000 -LEADER
campo de control de longitud fija 00790nam a2200265 i 4500
001 - NÚMERO DE CONTROL
campo de control 19309
003 - IDENTIFICADOR DE NÚMERO DE CONTROL
campo de control ES-MaACL
005 - FECHA Y HORA DE LA ÚLTIMA TRANSACCIÓN
campo de control 20250812080616.0
007 - CAMPO FIJO DE DESCRIPCIÓN FÍSICA--INFORMACIÓN GENERAL
campo de control de longitud fija t|
008 - DATOS DE LONGITUD FIJA--INFORMACIÓN GENERAL
campo de control de longitud fija 020709s1994 ag ||||1| spa d
020 ## - NÚMERO INTERNACIONAL ESTÁNDAR DEL LIBRO
Número Internacional Estándar del Libro 950-786-024-X
080 ## - NÚMERO DE LA CLASIFICACIÓN DECIMAL UNIVERSAL
Número de la Clasificación Decimal Universal 82:32
080 ## - NÚMERO DE LA CLASIFICACIÓN DECIMAL UNIVERSAL
Número de la Clasificación Decimal Universal 7:32
080 ## - NÚMERO DE LA CLASIFICACIÓN DECIMAL UNIVERSAL
Número de la Clasificación Decimal Universal 7.01
100 1# - ENTRADA PRINCIPAL--NOMBRE DE PERSONA
Nombre de persona Mangone, Carlos.
9 (RLIN) 76018
245 13 - MENCIÓN DEL TÍTULO
Título El manifiesto
Resto del título : un género entre el arte y la política /
Mención de responsabilidad, etc. Carlos Mangone, Jorge Warley.
260 ## - PUBLICACIÓN, DISTRIBUCIÓN, ETC.
Lugar de publicación, distribución, etc. Buenos Aires :
Nombre del editor, distribuidor, etc. Biblos,
Fecha de publicación, distribución, etc. 1994.
300 ## - DESCRIPCIÓN FÍSICA
Extensión 181 p. ;
Dimensiones 20 cm.
650 #7 - PUNTO DE ACCESO ADICIONAL DE MATERIA--TÉRMINO DE MATERIA
Término de materia o nombre geográfico como elemento de entrada Literatura y política
Fuente del encabezamiento o término embne
9 (RLIN) 14675
650 14 - PUNTO DE ACCESO ADICIONAL DE MATERIA--TÉRMINO DE MATERIA
Término de materia o nombre geográfico como elemento de entrada Arte-
Subdivisión general Aspectos sociales.
9 (RLIN) 10078
650 #7 - PUNTO DE ACCESO ADICIONAL DE MATERIA--TÉRMINO DE MATERIA
Término de materia o nombre geográfico como elemento de entrada Arte y sociedad
Fuente del encabezamiento o término embne
9 (RLIN) 177489
700 1# - ENTRADA AGREGADA--NOMBRE PERSONAL
Nombre de persona Warley, Jorge.
9 (RLIN) 116106
852 ## - LOCALIZACIÓN
Ubicación ES-MaACL
Número de control de estantería L-25745
Sublocalización o colección R.131238
Holdings
Estatus retirado Estado de pérdida Estado de daño No para préstamo Biblioteca de origen Biblioteca actual Ubicación en estantería Fecha de adquisición Fuente de adquisición Total de préstamos Signatura topográfica completa Código de barras Visto por última vez Precio de reemplazo Tipo de ítem Koha
        Biblioteca del Ateneo de Madrid Biblioteca del Ateneo de Madrid Depósito 2 17/01/2008     L-25745 1019756 23/02/2023 23/02/2023 Libro impreso